000 00729nam a2200217 i 4500
001 79025
003 ES-MaACL
005 20230906173901.0
007 t|
008 041019s1933 sp |||| | spa d
110 1 _aMadrid.
_bAyuntamiento
_9234069
245 1 0 _aResumen de la labor cultural de la Hemeroteca Municipal de Madrid.
260 _aMadrid :
_b[s.n.],
_c1933 (
_fArtes Gráficas Municipales)
300 _a28 p. ;
_c25 cm.
500 _aTexto en español, francés e inglés.
500 _aPrecede al tít.: República Española. Ayuntamiento de Madrid.
610 2 7 _aHemeroteca Municipal de Madrid-
_xHistoria.
_94562
852 _aES-MaACL
_j1884-F-14
852 _aES-MaACL
_j1783-F-18
999 _c79025
_d79025